Things we can't see can make us sick / (Record no. 181941)

MARC details
000 -LEADER
fixed length control field 00706nam a22002177a 4500
005 - DATE AND TIME OF LATEST TRANSACTION
control field 20211011144404.0
010 ## - LCCN (DPL NO)
LC control number B-741733
020 ## - INTERNATIONAL STANDARD BOOK NUMBER
International Standard Book Number 9788190960649
Terms of availability 450.00
035 ## - SYSTEM CONTROL NUMBER
System control number B-741733
037 ## - SOURCE OF ACQUISITION
Source of stock number/acquisition Gift
082 ## - DEWEY DECIMAL CLASSIFICATION NUMBER
Classification number 571.992
100 ## - MAIN ENTRY--PERSONAL NAME
Personal name Sethi,Nitin
245 14 - TITLE STATEMENT
Title Things we can't see can make us sick /
Statement of responsibility, etc by-Nitin Sethi
260 ## - PUBLICATION, DISTRIBUTION, ETC. (IMPRINT)
Place of publication, distribution, etc Delhi
Name of publisher, distributor, etc Kids knowledge bank
Date of publication, distribution, etc 2018
270 ## - ADDRESS
Address 7/20,60 Feet road,Yudhishtra gali
City Delhi
Postal code 110032
300 ## - PHYSICAL DESCRIPTION
Extent 54p:
Dimensions 24 cm(.HB)
Other physical details ill
490 ## - SERIES STATEMENT
Series statement Kids Knowledge Guide of wellness & disease
500 ## - GENERAL NOTE
General note Why we get sick & how we can stay fit
942 ## - ADDED ENTRY ELEMENTS (KOHA)
Source of classification or shelving scheme Dewey Decimal Classification
Item type Children Books
Classification part 571.992
Call number suffix SET
Holdings
Withdrawn status Lost status Not for loan Collection code Home library Current library Date acquired Source of acquisition Cost, normal purchase price Full call number Barcode Copy number Cost, replacement price Koha item type Public note
      Non-fiction Ashok Vihar Ashok Vihar 11/10/2021 Gift/4.10.2021 450.00 571.992 SET B-741733 1 450.00 Children Books Gift

© Delhi Public Library
Hit Counter
free hit counter